000 00482nam a2200169Ia 4500
005 20250508151819.0
008 008 250505s9999 xx 000 0 rus d
037 _aBooks to be hide in OPAC
040 _aFEDL
_beng
_cFEDL
041 _arus
_2eng
084 _a372, RUS/O
_qFEDL
100 _aZakozyrmikova M L
_9760049
245 0 _aRussian - Text book for class IV of elementary school
300 _a158p.
942 _cHB
_h372, RUS/O
999 _c1332273
_d1332273